[Event "SRB-chT3 North CS"]
[Site "Sabac"]
[Date "2014.10.03"]
[Round "3.1"]
[White "Savic, Petar A"]
[Black "Trpkovic, Miroljub"]
[Result "1/2-1/2"]
[WhiteElo "2116"]
[BlackElo "1938"]
[PlyCount "68"]
[EventDate "2014.10.02"]
[EventType "team-swiss"]
[EventRounds "6"]
[EventCountry "SRB"]
[SourceTitle "EXT 2021"]
[Source "ChessBase"]
[SourceDate "2020.10.23"]
[SourceVersion "1"]
[SourceVersionDate "2020.10.23"]
[SourceQuality "1"]

1. e4 c5 2. Nf3 e6 3. d4 cxd4 4. Nxd4 a6 5. Nc3 Nc6 6. a3 Nf6 7. Nxc6 bxc6 8. Bd3 e5 9. 0-0 d5 10. Bg5 Be7 11. Qe1 d4 12. Ne2 Ng4 13. Bd2 0-0 14. h3 Nf6 15. f4 exf4 16. Bxf4 c5 17. Ng3 Bb7 18. Qf2 c4 19. Bxc4 Nxe4 20. Nxe4 Bxe4 21. Be5 Bg6 22. Rad1 Qc8 23. Bb3 a5 24. a4 Ra6 25. Bxd4 Bf6 26. Bxf6 Rxf6 27. Qd4 Bxc2 28. Bxc2 Rxf1+ 29. Rxf1 Qxc2 30. Rf2 Qc1+ 31. Rf1 Qc7 32. Rd1 h6 33. Rd3 Re8 34. Rc3 Qe7 1/2-1/2

[Event "Tivat Vukmanovic Memorial op"]
[Site "Tivat"]
[Date "2011.04.23"]
[Round "8"]
[White "Sorgic, Dragan"]
[Black "Trpkovic, Miroljub"]
[Result "1-0"]
[WhiteElo "2282"]
[BlackElo "2009"]
[PlyCount "79"]
[EventDate "2011.04.16"]
[EventType "swiss"]
[EventRounds "9"]
[EventCountry "MNE"]
[SourceTitle "CBM 141 Extra"]
[Source "ChessBase"]
[SourceDate "2011.05.03"]
[SourceVersion "1"]
[SourceVersionDate "2011.05.03"]
[SourceQuality "1"]

1. e4 c5 2. Nf3 Nc6 3. d4 cxd4 4. Nxd4 e6 5. Nc3 a6 6. Be3 Nf6 7. Be2 Be7 8. 0-0 0-0 9. Kh1 d5 10. Nxc6 bxc6 11. e5 Nd7 12. f4 c5 13. Bg1 Bb7 14. Bf3 Rb8 15. b3 Qc7 16. Qe2 f6 17. exf6 Bxf6 18. Qxe6+ Kh8 19. Nxd5 Bxd5 20. Qxd5 Bxa1 21. Rxa1 Rbc8 22. g3 Nf6 23. Qc4 a5 24. Re1 Rfe8 25. Rf1 Qe7 26. Kg2 Red8 27. Rf2 Qd6 28. Re2 Re8 29. Be3 Re7 30. Rd2 Qc7 31. Bf2 Rd7 32. Re2 Re7 33. Rxe7 Qxe7 34. Qa6 Qd8 35. Be1 Nd5 36. Bxa5 Ne3+ 37. Kf2 Qe8 38. Qe2 Nf5 39. Qxe8+ Rxe8 40. Bb6 1-0

[Event "SRB-chT2 West"]
[Site "Serbia"]
[Date "2009.10.09"]
[Round "7.5"]
[White "Ikic, Alija"]
[Black "Trpkovic, Miroljub"]
[Result "1-0"]
[WhiteElo "2139"]
[BlackElo "2029"]
[PlyCount "93"]
[EventDate "2009.09.06"]
[EventType "team"]
[EventRounds "11"]
[EventCountry "SRB"]
[SourceTitle "EXT 2012"]
[Source "ChessBase"]
[SourceDate "2011.11.24"]
[SourceVersion "1"]
[SourceVersionDate "2011.11.24"]
[SourceQuality "1"]

1. Nf3 d5 2. c4 e6 3. g3 Nf6 4. Bg2 Nc6 5. 0-0 Be7 6. d3 0-0 7. Nc3 d4 8. Na4 e5 9. a3 a5 10. Bd2 Re8 11. Ne1 Bf8 12. e3 Bd7 13. Nc2 Qc8 14. b4 Bh3 15. b5 Bxg2 16. Kxg2 Nd8 17. e4 Qd7 18. f4 exf4 19. gxf4 g6 20. f5 Nh5 21. Qe1 Bg7 22. Qf2 b6 23. Bc1 Nb7 24. Bb2 Rad8 25. Bc1 Nd6 26. fxg6 fxg6 27. Qh4 Nxc4 28. dxc4 d3 29. Ra2 d2 30. Ne3 dxc1Q 31. Rxc1 Bf6 32. Qg4 Qd4 33. Nd5 Rxe4 34. Qf3 Nf4+ 35. Nxf4 Rxf4 36. Qe2 Re4 37. Qf3 Re3 38. Qc6 Qg4+ 39. Kh1 Rd1+ 40. Rxd1 Qxd1+ 41. Kg2 Qg4+ 42. Kf1 Qd1+ 43. Kg2 Qg4+ 44. Kf1 Rf3+ 45. Rf2 Qh3+ 46. Kg1 Bd4 47. Qd5+ 1-0